| 000 | 00788nam a22002537a 4500 | ||
|---|---|---|---|
| 003 | BD-DhJNU | ||
| 005 | 20250729061350.0 | ||
| 008 | 250729b |||||||| |||| 00| 0 eng d | ||
| 020 | _a0803914865 | ||
| 020 | _a0803914873 | ||
| 040 |
_aBD-DhJNU _bENG _cBD-DhJNU _dBD-DhJNU |
||
| 082 |
_223 _a973 SMW |
||
| 100 | _aSmall, Melvin | ||
| 245 |
_aWas war necessary : _bnational security and U. S. entry in to war / _cMelvin Small |
||
| 260 |
_aUnited States of America : _bBeverly Hills Sage Publications, _c1980. |
||
| 300 |
_a311p. : _bill. ; _c23 cm. |
||
| 490 |
_aSage Library of Social Research. _vvol. 105 |
||
| 504 | _aIncludes bibliographies | ||
| 650 | _aHistory | ||
| 650 | _aWar | ||
| 650 | _aMilitary history | ||
| 650 | _aInternational conflicts | ||
| 942 |
_2ddc _cBK _n0 |
||
| 999 |
_c1954 _d1954 |
||